| 000 | 00897na a2200289 4500 | ||
|---|---|---|---|
| 001 | 14367 | ||
| 003 | MIRAKIL | ||
| 005 | 20181213154820.0 | ||
| 008 | 161031b tu 000 0 | ||
| 020 | _a9759856395 | ||
| 035 | _a14367 | ||
| 040 |
_aMilas _btur _cTR-AnCHP |
||
| 041 | _atur | ||
| 082 |
_a909.049435 _bC32b 2006 |
||
| 090 | _a909.049435 C32b 2006 | ||
| 100 | _aChavannes, Edouard | ||
| 245 |
_aBatı Türklerine dair belgeler ve ek notlar _cEdouard Chavannes ;fransızcadan çeviren: Metin Sirman,yayın yönetmeni/editör: S.Kemal Ermetin |
||
| 260 |
_aİstanbul _bTöre Yayınevi _c2006 |
||
| 300 |
_a573 s. _bhrt. _c24 sm. |
||
| 500 | _aDış kapakta adı: Batı Türkleri tarihi | ||
| 650 |
_aTürkler _xTarih _zOrta Asya |
||
| 650 |
_aTürkler _xTarih |
||
| 700 | _aErmetin, S.Kemal | ||
| 700 | _aSirman, Metin | ||
| 740 | _aBatı Türkleri tarihi | ||
| 942 |
_2ddc _cBKS |
||
| 999 |
_c1361 _d1361 |
||